[Event "Online Olym Div Top-A"]
[Site "Chess.com INT"]
[Date "2021.09.09"]
[Round "6.3"]
[White "Lomineishvili, Maia"]
[Black "Sukandar, Irine Kharisma"]
[Result "1-0"]
[WhiteElo "2342"]
[BlackElo "2406"]
[PlyCount "121"]
[EventDate "2021.09.08"]
[EventType "team (rapid)"]
[EventRounds "9"]
[EventCountry "USA"]
[SourceTitle "CBM 204 Extra"]
[Source "ChessBase"]
[SourceDate "2021.11.30"]
[SourceVersion "1"]
[SourceVersionDate "2021.11.30"]
[SourceQuality "1"]
[WhiteTeam "Georgia"]
[BlackTeam "Indonesia"]
[WhiteTeamCountry "GEO"]
[BlackTeamCountry "INA"]

1. e4 c5 2. Nf3 e6 3. g3 Nc6 4. Bg2 g6 5. 0-0 Bg7 6. c3 Nge7 7. d4 cxd4 8. cxd4 d5 9. e5 0-0 10. Nc3 a6 11. Bg5 h6 12. Bf4 b5 13. Qd2 Kh7 14. h4 Bd7 15. Ne2 Rc8 16. Rfc1 Qa5 17. Qd3 Nb4 18. Qb3 Qa4 19. Bd2 Nec6 20. Ne1 Qxb3 21. axb3 f6 22. f4 fxe5 23. fxe5 h5 24. Rc3 Bh6 25. Bxh6 Kxh6 26. Nf3 Ne7 27. Ng5 Nf5 28. Rac1 Nc6 29. Rd1 Na5 30. Nf4 b4 31. Rxc8 Rxc8 32. Nfxe6 Rc2 33. Rd3 Bb5 34. Rf3 Rc1+ 35. Kh2 Be2 36. Rf2 Re1 37. Nf4 Bb5 38. e6 Nxb3 39. Nxd5 Nbxd4 40. Be4 Kg7 41. e7 a5 42. Nc7 Bd7 43. e8Q Bxe8 44. Nxe8+ Kf8 45. Nd6 a4 46. Nxf5 gxf5 47. Bxf5 Ke7 48. Bg6 a3 49. bxa3 bxa3 50. Ra2 Re2+ 51. Rxe2+ Nxe2 52. Bf7 Nc3 53. Kg2 a2 54. Bxa2 Nxa2 55. Kf3 Nb4 56. Kf4 Kf6 57. Ne4+ Kg6 58. Nc5 Nd5+ 59. Ke5 Nc3 60. Nd3 Ne2 61. Nf4+ 1-0

[Event "Online Olym Div Top-A"]
[Site "Chess.com INT"]
[Date "2021.09.09"]
[Round "5.3"]
[White "Munguntuul, Batkhuyag"]
[Black "Lomineishvili, Maia"]
[Result "1/2-1/2"]
[WhiteElo "2433"]
[BlackElo "2342"]
[PlyCount "63"]
[EventDate "2021.09.08"]
[EventType "team (rapid)"]
[EventRounds "9"]
[EventCountry "USA"]
[SourceTitle "CBM 204 Extra"]
[Source "ChessBase"]
[SourceDate "2021.11.30"]
[SourceVersion "1"]
[SourceVersionDate "2021.11.30"]
[SourceQuality "1"]
[WhiteTeam "Mongolia"]
[BlackTeam "Georgia"]
[WhiteTeamCountry "MGL"]
[BlackTeamCountry "GEO"]

1. e4 c5 2. Nf3 Nc6 3. d4 cxd4 4. Nxd4 e5 5. Nb5 d6 6. N1c3 a6 7. Na3 b5 8. Nd5 Nge7 9. c4 Nxd5 10. exd5 Nd4 11. cxb5 g6 12. Bd3 Bg7 13. 0-0 0-0 14. bxa6 Bxa6 15. Nc2 Qa5 16. Bd2 Qc5 17. Bb4 Bxd3 18. Bxc5 Bxc2 19. Qd2 dxc5 20. Rac1 Be4 21. Rxc5 Rxa2 22. Qb4 Rd8 23. Qb7 Raa8 24. Qc7 Bxd5 25. Ra5 Ne2+ 26. Kh1 Nf4 27. f3 Rac8 28. Qe7 Re8 29. Qd7 Red8 30. Qe7 Re8 31. Qd7 Red8 32. Qe7 1/2-1/2

[Event "Online Olym Div Top-A"]
[Site "Chess.com INT"]
[Date "2021.09.08"]
[Round "1.1"]
[White "Lomineishvili, Maia"]
[Black "Abdumalik, Zhansaya"]
[Result "1-0"]
[WhiteElo "2342"]
[BlackElo "2502"]
[PlyCount "93"]
[EventDate "2021.09.08"]
[EventType "team (rapid)"]
[EventRounds "9"]
[EventCountry "USA"]
[SourceTitle "CBM 204 Extra"]
[Source "ChessBase"]
[SourceDate "2021.11.30"]
[SourceVersion "1"]
[SourceVersionDate "2021.11.30"]
[SourceQuality "1"]
[WhiteTeam "Georgia"]
[BlackTeam "Kazakhstan"]
[WhiteTeamCountry "GEO"]
[BlackTeamCountry "KAZ"]

1. e4 c5 2. Nf3 e6 3. g3 d6 4. Bg2 Nf6 5. Qe2 Nc6 6. 0-0 Be7 7. c3 e5 8. h3 0-0 9. Rd1 Re8 10. Na3 Bf8 11. d3 h6 12. Nc4 d5 13. exd5 Qxd5 14. Be3 Qe6 15. a4 Rb8 16. Re1 b6 17. Bd2 Nd7 18. Qf1 Ba6 19. b3 Rbd8 20. Nh2 Qg6 21. Be4 f5 22. Bd5+ Kh8 23. Qg2 Ndb8 24. f4 Bb7 25. Nf1 Qh5 26. Bf3 Qf7 27. Nxe5 Nxe5 28. fxe5 Bxf3 29. Qxf3 Nc6 30. Qxc6 Rxd3 31. Qg2 Qxb3 32. a5 Qe6 33. axb6 Qxb6 34. c4 Qb2 35. Bf4 Qd4+ 36. Qf2 Qxc4 37. Rxa7 Qd5 38. Ne3 Qe6 39. h4 c4 40. Rc7 c3 41. Qc2 Red8 42. Rxc3 Rd2 43. Qxf5 Qb6 44. Rc8 Bc5 45. Rxd8+ Qxd8 46. e6 Qa8 47. Qxc5 1-0

[Event "Vani Khurtsidze Memorial"]
[Site "Vani"]
[Date "2019.09.17"]
[Round "2"]
[White "Lomineishvili, Maia"]
[Black "Javakhishvili, Lela"]
[Result "1/2-1/2"]
[WhiteElo "2342"]
[BlackElo "2458"]
[PlyCount "38"]
[EventDate "2019.09.17"]
[EventType "tourn"]
[EventRounds "9"]
[EventCountry "GEO"]
[EventCategory "4"]
[SourceTitle "EXT 2020"]
[Source "ChessBase"]
[SourceDate "2019.10.17"]
[SourceVersion "1"]
[SourceVersionDate "2019.10.17"]
[SourceQuality "1"]

1. d4 d6 2. b3 e5 3. Bb2 Nc6 4. Nf3 e4 5. d5 exf3 6. dxc6 bxc6 7. exf3 Nf6 8. Bd3 Be7 9. 0-0 0-0 10. c4 Nd7 11. Qc2 h6 12. Bh7+ Kh8 13. Be4 Bb7 14. f4 Bf6 15. Nc3 Nc5 16. Bf3 Ne6 17. Ne2 Rb8 18. Rad1 Re8 19. Rfe1 c5 1/2-1/2

[Event "EU-ch ACP (Women) Blitz"]
[Site "Tbilisi"]
[Date "2018.04.01"]
[Round "8"]
[White "Ushenina, Anna"]
[Black "Lomineishvili, Maia"]
[Result "1/2-1/2"]
[WhiteElo "2423"]
[BlackElo "2342"]
[PlyCount "115"]
[EventDate "2018.04.01"]
[EventType "swiss (blitz)"]
[EventRounds "13"]
[EventCountry "GEO"]
[SourceTitle "CBM 183 Extra"]
[Source "ChessBase"]
[SourceDate "2018.04.19"]
[SourceVersion "1"]
[SourceVersionDate "2018.04.19"]
[SourceQuality "1"]

1. Nf3 d5 2. g3 Nf6 3. Bg2 g6 4. c4 d4 5. 0-0 c5 6. e3 Nc6 7. exd4 cxd4 8. d3 Bg7 9. Na3 0-0 10. Nc2 a5 11. Rb1 Bf5 12. a3 Re8 13. b4 axb4 14. axb4 e5 15. b5 Na5 16. Nh4 Bg4 17. Bf3 Bxf3 18. Nxf3 Nd7 19. Nb4 Nc5 20. Nd5 e4 21. Ne1 exd3 22. Nxd3 Nxc4 23. N3b4 Ne4 24. Qd3 Ncd6 25. Bf4 Nc5 26. Qc2 Rc8 27. b6 Ne6 28. Qd2 Nc4 29. Qd3 Nxf4 30. Nxf4 Nxb6 31. Qb5 Re5 32. Qd3 Na4 33. Rfe1 Rxe1+ 34. Rxe1 h5 35. Nfd5 Kh7 36. Qb5 Nc3 37. Qxb7 Nxd5 38. Nxd5 Rc5 39. Nf4 Qc7 40. Qa8 Rc1 41. Qe4 Rxe1+ 42. Qxe1 Qc3 43. Qe4 Qc1+ 44. Kg2 Qd1 45. h4 Kh6 46. Nd3 Qg4 47. Qd5 Qe6 48. Qf3 Kh7 49. Nf4 Qf5 50. Qe2 Be5 51. Nd3 Bf6 52. Kg1 Kg7 53. Kg2 Qd5+ 54. Kg1 Qc4 55. Kg2 Qd5+ 56. Kg1 Qc4 57. Kg2 Qd5+ 58. Kg1 1/2-1/2

[Event "EU-ch ACP (Women) Rapid"]
[Site "Tbilisi"]
[Date "2018.03.30"]
[Round "2"]
[White "Lomineishvili, Maia"]
[Black "Arakhamia Grant, Ketevan"]
[Result "1-0"]
[WhiteElo "2342"]
[BlackElo "2347"]
[PlyCount "76"]
[EventDate "2018.03.30"]
[EventType "swiss (rapid)"]
[EventRounds "11"]
[EventCountry "GEO"]
[SourceTitle "CBM 183 Extra"]
[Source "ChessBase"]
[SourceDate "2018.04.19"]
[SourceVersion "1"]
[SourceVersionDate "2018.04.19"]
[SourceQuality "1"]

1. d4 Nf6 2. Bg5 d5 3. e3 Nbd7 4. Nf3 g6 5. c4 c6 6. Nc3 Bg7 7. Bd3 0-0 8. 0-0 a6 9. cxd5 cxd5 10. Qb3 e6 11. e4 dxe4 12. Nxe4 h6 13. Bh4 g5 14. Bg3 Nd5 15. Nd6 Nf4 16. Bxf4 gxf4 17. Rac1 b5 18. Qc2 Nf6 19. Qc7 Nd5 20. Qc5 Bf6 21. Ne4 Be7 22. Qc2 Nb4 23. Qd2 Nxd3 24. Qxd3 Bb7 25. Ne5 Rc8 26. Rce1 Qd5 27. Qh3 Bg5 28. Nf3 f6 29. Nc5 Rce8 30. Qh5 Bc6 31. h4 Re7 32. hxg5 hxg5 33. Qg6+ Rg7 34. Qe4 g4 35. Qxe6+ Qxe6 36. Nxe6 gxf3 37. Nxg7 fxg2 38. Ne6 gxf1Q+ 1-0

[Event "Donau op 25th"]
[Site "Aschach"]
[Date "2016.12.29"]
[Round "5"]
[White "Lomineishvili, Maia"]
[Black "Reich, Thomas"]
[Result "0-1"]
[WhiteElo "2324"]
[BlackElo "2362"]
[PlyCount "110"]
[EventDate "2016.12.26"]
[EventType "swiss"]
[EventRounds "7"]
[EventCountry "AUT"]
[SourceTitle "CBM 176 Extra"]
[Source "ChessBase"]
[SourceDate "2017.03.02"]
[SourceVersion "1"]
[SourceVersionDate "2017.03.02"]
[SourceQuality "1"]

1. e4 e6 2. d4 d5 3. Nd2 Nf6 4. e5 Nfd7 5. Ngf3 c5 6. c3 Nc6 7. Bd3 Qb6 8. dxc5 Nxc5 9. Bc2 Qc7 10. Qe2 a5 11. Nb3 b6 12. Nxc5 bxc5 13. 0-0 Ba6 14. Bd3 Bxd3 15. Qxd3 c4 16. Qe2 a4 17. Re1 Be7 18. Bg5 0-0 19. a3 Rab8 20. Rad1 Bxg5 21. Nxg5 h6 22. Nf3 Rb3 23. Rd2 Rfb8 24. Rc1 R3b6 25. h3 Na5 26. Nd4 Nb7 27. Rcc2 Nc5 28. f4 R8b7 29. Kh2 Nd3 30. Qg4 g6 31. Re2 Kh7 32. h4 h5 33. Qf3 Qe7 34. Kh3 Rxb2 35. Rxb2 Rxb2 36. Rxb2 Nxb2 37. Nb5 Nd3 38. Nd6 f6 39. Qe3 fxe5 40. fxe5 Qg7 41. g3 Nxe5 42. Ne8 Qf7 43. Qxe5 Qxe8 44. Qc7+ Kg8 45. Kg2 Qf7 46. Qc6 e5 47. Qxa4 d4 48. Qb5 Qc7 49. cxd4 c3 50. d5 Kg7 51. Qa6 c2 52. d6 Qd7 53. Qc4 Qb7+ 54. Kh2 Qb2 55. Qc7+ Kh6 0-1

[Event "Donau op 25th"]
[Site "Aschach"]
[Date "2016.12.28"]
[Round "4"]
[White "Drnovsek, Gal"]
[Black "Lomineishvili, Maia"]
[Result "1/2-1/2"]
[WhiteElo "2384"]
[BlackElo "2324"]
[PlyCount "104"]
[EventDate "2016.12.26"]
[EventType "swiss"]
[EventRounds "7"]
[EventCountry "AUT"]
[SourceTitle "CBM 176 Extra"]
[Source "ChessBase"]
[SourceDate "2017.03.02"]
[SourceVersion "1"]
[SourceVersionDate "2017.03.02"]
[SourceQuality "1"]

1. d4 Nf6 2. c4 e6 3. Nc3 Bb4 4. Qc2 0-0 5. Nf3 c5 6. dxc5 Na6 7. g3 Nxc5 8. Bg2 b6 9. 0-0 Bb7 10. Nb5 Be4 11. Qd1 Nb7 12. a3 Be7 13. Bf4 Rc8 14. Rc1 a6 15. Nd6 Nxd6 16. Bxd6 Bxd6 17. Qxd6 Qc7 18. Rfd1 Qb7 19. Bf1 b5 20. cxb5 Qxb5 21. Qd4 Bc2 22. Re1 a5 23. Ne5 d6 24. Nd3 Rfd8 25. b4 Bxd3 26. Qxd3 Qxd3 27. exd3 axb4 28. axb4 Rb8 29. Rb1 Nd5 30. b5 Rdc8 31. d4 Kf8 32. Ra1 Rc7 33. Ra3 Ke7 34. Rb1 Rb6 35. h4 h5 36. Rbb3 Rcb7 37. Ra1 Rc7 38. Raa3 Rcb7 39. Kh2 Kd7 40. Ra1 Ke7 41. Ra5 Rc7 42. Bg2 Nf6 43. Bf3 d5 44. Ra4 Rcb7 45. Ra5 g6 46. Kg2 Ne8 47. Be2 Nd6 48. Bd3 Nc4 49. Ra4 Rxb5 50. Rxb5 Rxb5 51. Bxc4 dxc4 52. Rxc4 Kd6 1/2-1/2

[Event "GEO-chT Club"]
[Site "Lagodekhi"]
[Date "2016.09.24"]
[Round "3.3"]
[White "Lomineishvili, Maia"]
[Black "Melia, Salome"]
[Result "1/2-1/2"]
[WhiteElo "2321"]
[BlackElo "2419"]
[PlyCount "34"]
[EventDate "2016.09.22"]
[EventType "team-tourn"]
[EventRounds "7"]
[EventCountry "GEO"]
[SourceTitle "CBM 174 Extra"]
[Source "ChessBase"]
[SourceDate "2016.10.10"]
[SourceVersion "1"]
[SourceVersionDate "2016.10.10"]
[SourceQuality "1"]
[WhiteTeam "Samegrelo"]
[BlackTeam "Adjara Nona"]
[WhiteTeamCountry "GEO"]
[BlackTeamCountry "GEO"]

1. d4 d5 2. c4 e6 3. Nc3 Be7 4. Nf3 Nf6 5. Bf4 0-0 6. e3 c5 7. dxc5 Bxc5 8. Qc2 Nc6 9. a3 Qa5 10. 0-0-0 Ne4 11. Nxe4 dxe4 12. Qxe4 Bxa3 13. bxa3 Qxa3+ 14. Kb1 Qb3+ 15. Kc1 Qa3+ 16. Kb1 Qb3+ 17. Kc1 Qa3+ 1/2-1/2

[Event "GEO-chT Club"]
[Site "Lagodekhi"]
[Date "2016.09.22"]
[Round "1.2"]
[White "Lomineishvili, Maia"]
[Black "Khurtsidze, Nino"]
[Result "1/2-1/2"]
[WhiteElo "2321"]
[BlackElo "2398"]
[PlyCount "83"]
[EventDate "2016.09.22"]
[EventType "team-tourn"]
[EventRounds "7"]
[EventCountry "GEO"]
[SourceTitle "CBM 174 Extra"]
[Source "ChessBase"]
[SourceDate "2016.10.10"]
[SourceVersion "1"]
[SourceVersionDate "2016.10.10"]
[SourceQuality "1"]
[WhiteTeam "Samegrelo"]
[BlackTeam "Rustavi"]
[WhiteTeamCountry "GEO"]
[BlackTeamCountry "GEO"]

1. d4 Nf6 2. c4 e6 3. Nf3 b6 4. e3 Bb7 5. Nc3 Bb4 6. Bd3 0-0 7. 0-0 d5 8. cxd5 exd5 9. a3 Bd6 10. b4 Nbd7 11. Qb3 Re8 12. a4 c6 13. e4 dxe4 14. Ng5 Qe7 15. Ncxe4 Nxe4 16. Nxe4 Bxb4 17. Ng5 Nf6 18. Nxf7 Qxf7 19. Qxb4 Kh8 20. a5 c5 21. Qb2 Qd5 22. f3 c4 23. Bb1 b5 24. a6 Bc6 25. Bf4 b4 26. Be5 Rab8 27. Be4 Nxe4 28. fxe4 Qxe4 29. Rae1 Qg6 30. Bxb8 Rxb8 31. Rf2 h6 32. d5 Bxd5 33. Qd4 Qc6 34. Re7 Rg8 35. Rxa7 c3 36. Rf8 Qg6 37. Rxg8+ Bxg8 38. Rc7 Qb1+ 39. Kf2 Qc2+ 40. Kg1 Qb1+ 41. Kf2 Qf5+ 42. Kg1 1/2-1/2

[Event "Vienna op-A"]
[Site "Vienna"]
[Date "2016.08.21"]
[Round "7"]
[White "Larmuseau, Michiel"]
[Black "Lomineishvili, Maia"]
[Result "1/2-1/2"]
[WhiteElo "2177"]
[BlackElo "2331"]
[PlyCount "106"]
[EventDate "2016.08.16"]
[EventType "swiss"]
[EventRounds "9"]
[EventCountry "AUT"]
[SourceTitle "CBM 173 Extra"]
[Source "ChessBase"]
[SourceDate "2016.08.29"]
[SourceVersion "1"]
[SourceVersionDate "2016.08.29"]
[SourceQuality "1"]

1. e4 c5 2. Nc3 Nc6 3. Bb5 Nd4 4. Nf3 Nxb5 5. Nxb5 Nf6 6. e5 Nd5 7. 0-0 Nc7 8. Nxc7+ Qxc7 9. d4 cxd4 10. Qxd4 e6 11. Rd1 b6 12. Ng5 h6 13. Ne4 Bb7 14. Be3 Bxe4 15. Qxe4 Rc8 16. Qd3 Rd8 17. Bf4 Be7 18. Rd2 g5 19. Bg3 h5 20. h3 h4 21. Bh2 Qc5 22. Rad1 0-0 23. Qf3 f5 24. Qh5 Rf7 25. c3 Rh7 26. Qe2 Bf8 27. Kh1 Rg7 28. f3 Qc6 29. Rd3 b5 30. Bg1 a5 31. Qf2 d5 32. exd6 Rxd6 33. Rxd6 Bxd6 34. Qb6 Qxb6 35. Bxb6 Bc7 36. Be3 Kf8 37. Kg1 Ke8 38. Kf1 a4 39. b3 axb3 40. axb3 Be5 41. c4 bxc4 42. bxc4 g4 43. Bf2 gxh3 44. gxh3 Bg3 45. Bd4 Rc7 46. Rc1 Kd7 47. Ke2 e5 48. Bb6 Rb7 49. c5 Kc6 50. Rd1 Rd7 51. Rxd7 Kxd7 52. Kd3 Kc6 53. Kc4 Bf2 1/2-1/2

[Event "Poti Aleksandria Cup 11th"]
[Site "Poti"]
[Date "2016.07.20"]
[Round "9"]
[White "Lomineishvili, Maia"]
[Black "Aliyev, Ravan"]
[Result "0-1"]
[WhiteElo "2358"]
[BlackElo "2183"]
[PlyCount "120"]
[EventDate "2016.07.13"]
[EventType "swiss"]
[EventRounds "9"]
[EventCountry "GEO"]
[SourceTitle "CBM 173 Extra"]
[Source "ChessBase"]
[SourceDate "2016.08.29"]
[SourceVersion "1"]
[SourceVersionDate "2016.08.29"]
[SourceQuality "1"]

1. e4 e6 2. Qe2 c5 3. g3 Nc6 4. Bg2 g6 5. c3 Bg7 6. Nf3 d6 7. 0-0 Nge7 8. Rd1 e5 9. d4 exd4 10. cxd4 cxd4 11. Na3 0-0 12. Bf4 a6 13. h3 Be6 14. Nc2 Qb6 15. Bxd6 Rfd8 16. Ba3 h6 17. Nce1 Nb4 18. Nd3 Nec6 19. Nfe1 Bc4 20. b3 Bb5 21. f4 Rac8 22. e5 Bf8 23. Bxc6 Rxc6 24. Bxb4 Bxb4 25. a4 Bxd3 26. Nxd3 Bf8 27. Qe4 Qxb3 28. Rab1 Qxa4 29. f5 gxf5 30. Qxf5 Rg6 31. g4 Qd7 32. Qe4 Qc6 33. Qf5 Qd7 34. Qe4 Qc6 35. Qf5 Bg7 36. Rf1 Qd7 37. Qe4 Qc6 38. Qf5 Qd7 39. Qe4 b5 40. Nf4 Rg5 41. e6 fxe6 42. Qxe6+ Kh8 43. Rf3 d3 44. Rxd3 Qxe6 45. Rxd8+ Qg8 46. Rxg8+ Kxg8 47. Rd1 b4 48. Rd8+ Kf7 49. Rd7+ Ke8 50. Rb7 Bc3 51. Kf1 a5 52. Ke2 a4 53. Ra7 a3 54. Kd3 Rc5 55. h4 Be5 56. Ne2 Bb2 57. g5 hxg5 58. hxg5 b3 59. g6 a2 60. Nd4 a1Q 0-1

[Event "Poti Aleksandria Cup 11th"]
[Site "Poti"]
[Date "2016.07.18"]
[Round "7"]
[White "Lomineishvili, Maia"]
[Black "Gharibyan, Mamikon"]
[Result "0-1"]
[WhiteElo "2358"]
[BlackElo "2131"]
[PlyCount "118"]
[EventDate "2016.07.13"]
[EventType "swiss"]
[EventRounds "9"]
[EventCountry "GEO"]
[SourceTitle "CBM 173 Extra"]
[Source "ChessBase"]
[SourceDate "2016.08.29"]
[SourceVersion "1"]
[SourceVersionDate "2016.08.29"]
[SourceQuality "1"]

1. d4 Nf6 2. c4 e6 3. Nf3 b6 4. g3 Ba6 5. b3 Bb4+ 6. Bd2 Be7 7. Nc3 d5 8. cxd5 exd5 9. Bg2 0-0 10. 0-0 Nbd7 11. Qc2 Re8 12. Bf4 Bd6 13. Bxd6 cxd6 14. Rfe1 b5 15. Qf5 Nb6 16. b4 Rc8 17. Rac1 Rc4 18. a3 Qc7 19. Na2 Ne4 20. Ng5 g6 21. Qf4 Qe7 22. Rxc4 Nxc4 23. Nxe4 dxe4 24. Nc3 Bb7 25. d5 f5 26. Nxb5 Bxd5 27. Rd1 Bf7 28. g4 fxg4 29. Qxg4 e3 30. f4 Nd2 31. Rc1 Qf6 32. Qg5 Qb2 33. Re1 Ne4 34. Bxe4 Qd2 35. Kf1 Rxe4 36. Qd8+ Be8 37. Nc7 Rxf4+ 38. Kg2 Rf2+ 39. Kh3 Qxe1 40. Qxe8+ Rf8 41. Qxe3 Qf2 42. Qe6+ Rf7 43. Ne8 Qf5+ 44. Qxf5 Rxf5 45. Nxd6 Re5 46. e4 Re6 47. Nb5 Rxe4 48. Nxa7 Re3+ 49. Kg4 Rxa3 50. Nc6 Kf7 51. h4 Kf6 52. Kf4 Rc3 53. b5 Rc4+ 54. Ke3 Ke6 55. Kd3 Rc5 56. Ke4 Kd6 57. Nd4 Rh5 58. Nf3 Rxb5 59. Kf4 h6 0-1

[Event "Poti Aleksandria Cup 11th"]
[Site "Poti"]
[Date "2016.07.15"]
[Round "4"]
[White "Davtyan, Artur"]
[Black "Lomineishvili, Maia"]
[Result "0-1"]
[WhiteElo "2217"]
[BlackElo "2358"]
[PlyCount "82"]
[EventDate "2016.07.13"]
[EventType "swiss"]
[EventRounds "9"]
[EventCountry "GEO"]
[SourceTitle "CBM 173 Extra"]
[Source "ChessBase"]
[SourceDate "2016.08.29"]
[SourceVersion "1"]
[SourceVersionDate "2016.08.29"]
[SourceQuality "1"]

1. d4 Nf6 2. c4 e6 3. Nc3 Bb4 4. Qc2 0-0 5. a3 Bxc3+ 6. Qxc3 b6 7. Bg5 Bb7 8. e3 d6 9. Ne2 Nbd7 10. Qc2 h6 11. Bh4 c5 12. Rd1 Qe7 13. Nc3 cxd4 14. Rxd4 Rac8 15. Qd1 Ne5 16. f3 Ng6 17. Bf2 Rfd8 18. Be2 e5 19. Rd2 e4 20. f4 Nxf4 21. exf4 e3 22. Rd4 Bxg2 23. Rg1 exf2+ 24. Kxf2 Bb7 25. Rg3 Ne4+ 26. Nxe4 Bxe4 27. Qg1 f5 28. Rg6 Kh7 29. Qg3 d5 30. Rd1 Rd6 31. Rxd6 Qxd6 32. cxd5 Rc2 33. b4 Bxd5 34. Qe3 Qc6 35. Rd2 Be4 36. Rxc2 Qxc2 37. h4 Qc7 38. Qd2 Qe7 39. Kg3 Qf6 40. Bh5 Qa1 41. Qd6 Qg1+ 0-1

[Event "EU-ch (Women) 17th"]
[Site "Mamaia"]
[Date "2016.06.07"]
[Round "11"]
[White "Lomineishvili, Maia"]
[Black "Osmanodja, Filiz"]
[Result "0-1"]
[WhiteElo "2367"]
[BlackElo "2296"]
[PlyCount "106"]
[EventDate "2016.05.27"]
[EventType "swiss"]
[EventRounds "11"]
[EventCountry "ROU"]
[SourceTitle "CBM 172 Extra"]
[Source "ChessBase"]
[SourceDate "2016.06.21"]
[SourceVersion "1"]
[SourceVersionDate "2016.06.21"]
[SourceQuality "1"]

1. d4 Nf6 2. c4 e6 3. Nc3 Bb4 4. Qc2 0-0 5. e4 d6 6. a3 Bxc3+ 7. bxc3 e5 8. Bd3 c5 9. d5 Nh5 10. Ne2 Qh4 11. 0-0 Nd7 12. f3 Nf4 13. Bxf4 exf4 14. Qd2 Ne5 15. Nxf4 Qg5 16. Ra2 b6 17. g3 Re8 18. Ng2 Qh5 19. Be2 f5 20. f4 Ng4 21. Bxg4 Qxg4 22. Ne3 Qg6 23. exf5 Bxf5 24. a4 Bd3 25. f5 Qg5 26. Rf4 Re4 27. Rxe4 Bxe4 28. Qf2 Rf8 29. h4 Qf6 30. Qf4 Bd3 31. Ra3 Qe7 32. a5 bxa5 33. Rxa5 Re8 34. Ng2 Rb8 35. Ra2 Rb1+ 36. Kh2 Rf1 37. Rf2 Rxf2 38. Qxf2 Qe2 39. Kg1 a5 40. Nf4 Qxf2+ 41. Kxf2 Bxf5 42. Ke3 a4 43. Kd2 a3 44. Kc1 Kf7 45. Ng2 Kf6 46. Ne3 Bd3 47. Ng2 g6 48. Ne3 h5 49. Ng2 g5 50. hxg5+ Kxg5 51. Ne3 Be4 52. Nd1 Kg4 53. Nf2+ Kf3 0-1

[Event "EU-ch (Women) 17th"]
[Site "Mamaia"]
[Date "2016.05.29"]
[Round "3"]
[White "Lomineishvili, Maia"]
[Black "Tsatsalashvili, Ketevan"]
[Result "1-0"]
[WhiteElo "2367"]
[BlackElo "2278"]
[PlyCount "91"]
[EventDate "2016.05.27"]
[EventType "swiss"]
[EventRounds "11"]
[EventCountry "ROU"]
[SourceTitle "CBM 172 Extra"]
[Source "ChessBase"]
[SourceDate "2016.06.21"]
[SourceVersion "1"]
[SourceVersionDate "2016.06.21"]
[SourceQuality "1"]

1. d4 d5 2. c4 e6 3. Nc3 Be7 4. Nf3 c6 5. e4 dxe4 6. Nxe4 Nf6 7. Bd3 Nbd7 8. 0-0 0-0 9. b3 c5 10. Bb2 cxd4 11. Bxd4 Nxe4 12. Bxe4 Bf6 13. Qd3 h6 14. Rad1 Qe7 15. Qe3 Bxd4 16. Nxd4 Nf6 17. Bf3 a6 18. Rfe1 Qc7 19. g4 Bd7 20. g5 hxg5 21. Qxg5 Rfe8 22. Kh1 Nh7 23. Qh5 g6 24. Rg1 Kh8 25. Qh4 e5 26. Nc2 Bc6 27. Bd5 Bxd5+ 28. Rxd5 Qc6 29. Ne3 Qf6 30. Qg3 Qf4 31. Rd7 Rad8 32. Rgd1 Rxd7 33. Rxd7 Qe4+ 34. Kg1 Kg8 35. Nd5 b5 36. c5 Qc2 37. Ne7+ Kg7 38. Qxe5+ Nf6 39. c6 Rh8 40. Rd6 Qb1+ 41. Kg2 Qe4+ 42. Qxe4 Nxe4 43. Rd4 Ng5 44. c7 Ne6 45. Rd7 Nc5 46. Rd8 1-0

[Event "EU-ch (Women) 17th"]
[Site "Mamaia"]
[Date "2016.05.28"]
[Round "2"]
[White "Petrenko, Svetlana"]
[Black "Lomineishvili, Maia"]
[Result "0-1"]
[WhiteElo "2182"]
[BlackElo "2367"]
[PlyCount "108"]
[EventDate "2016.05.27"]
[EventType "swiss"]
[EventRounds "11"]
[EventCountry "ROU"]
[SourceTitle "CBM 172 Extra"]
[Source "ChessBase"]
[SourceDate "2016.06.21"]
[SourceVersion "1"]
[SourceVersionDate "2016.06.21"]
[SourceQuality "1"]

1. Nf3 Nf6 2. g3 c5 3. c4 Nc6 4. Bg2 e5 5. d3 d5 6. cxd5 Nxd5 7. Nc3 Nc7 8. Bg5 f6 9. Be3 Be6 10. 0-0 Qd7 11. Rc1 Be7 12. Nd2 0-0 13. Nde4 b6 14. f4 exf4 15. gxf4 Nd5 16. Bd2 Nxc3 17. bxc3 c4 18. d4 Bd5 19. f5 Ba3 20. Rb1 Rae8 21. Ng3 Bxg2 22. Kxg2 Bd6 23. Qa4 Bxg3 24. Qxc4+ Qf7 25. Qxf7+ Kxf7 26. hxg3 Rxe2+ 27. Rf2 Rxf2+ 28. Kxf2 Ne7 29. g4 Rc8 30. Rh1 Nd5 31. Rh3 b5 32. a3 h6 33. Rd3 Ke7 34. Rg3 Kd6 35. Ke2 Re8+ 36. Kd3 Nb6 37. Rg1 Kd5 38. Rb1 a6 39. Rg1 Nc4 40. Bc1 Re4 41. Rg2 Re1 42. Kc2 a5 43. Rf2 a4 44. Rg2 Na5 45. Bd2 Re7 46. Kd3 Nc4 47. Bc1 Re1 48. Kc2 Ke4 49. Rf2 Rg1 50. Re2+ Kd5 51. g5 hxg5 52. Re7 g4 53. Rxg7 g3 54. Bf4 g2 0-1

[Event "GEO-ch (Women) 73rd"]
[Site "Tbilisi"]
[Date "2016.04.02"]
[Round "8"]
[White "Lomineishvili, Maia"]
[Black "Melia, Salome"]
[Result "1/2-1/2"]
[WhiteElo "2365"]
[BlackElo "2452"]
[PlyCount "77"]
[EventDate "2016.03.25"]
[EventType "tourn"]
[EventRounds "11"]
[EventCountry "GEO"]
[EventCategory "4"]
[SourceTitle "CBM 171 Extra"]
[Source "ChessBase"]
[SourceDate "2016.04.26"]
[SourceVersion "1"]
[SourceVersionDate "2016.04.26"]
[SourceQuality "1"]

1. d4 Nf6 2. c4 e6 3. Nc3 c5 4. d5 exd5 5. cxd5 d6 6. Nf3 g6 7. Qa4+ Nbd7 8. Bf4 a6 9. e4 Rb8 10. Be2 b5 11. Qc2 Qe7 12. Nd2 Bg7 13. a4 b4 14. Nd1 0-0 15. 0-0 Re8 16. Re1 Bb7 17. h3 Nxe4 18. Bf3 f5 19. Nxe4 fxe4 20. Rxe4 Qf8 21. Bg4 Bxd5 22. Rxe8 Rxe8 23. Ne3 Bc6 24. Qc4+ Kh8 25. Bxd7 Bxd7 26. Rd1 Bxa4 27. Bxd6 Qg8 28. Rd5 Bb5 29. Qxc5 Bxb2 30. Qxb4 Bg7 31. Rd1 Rd8 32. Rc1 Qe6 33. Be7 Rc8 34. Rxc8+ Qxc8 35. Qd6 Qd7 36. Qb8+ Qe8 37. Qd6 Qc6 38. Qd8+ Qe8 39. Qd6 1/2-1/2

[Event "GEO-ch (Women) 73rd"]
[Site "Tbilisi"]
[Date "2016.03.26"]
[Round "2"]
[White "Vakhania, Alexandra"]
[Black "Lomineishvili, Maia"]
[Result "1/2-1/2"]
[WhiteElo "2210"]
[BlackElo "2365"]
[PlyCount "106"]
[EventDate "2016.03.25"]
[EventType "tourn"]
[EventRounds "11"]
[EventCountry "GEO"]
[EventCategory "4"]
[SourceTitle "CBM 171 Extra"]
[Source "ChessBase"]
[SourceDate "2016.04.26"]
[SourceVersion "1"]
[SourceVersionDate "2016.04.26"]
[SourceQuality "1"]

1. Nf3 c5 2. e3 Nf6 3. d4 g6 4. c3 b6 5. Be2 Bg7 6. 0-0 0-0 7. b4 cxb4 8. cxb4 Bb7 9. Bb2 d6 10. Nbd2 Nbd7 11. a4 a5 12. bxa5 bxa5 13. Bb5 Rc8 14. Qb3 Bd5 15. Qd3 Bb7 16. e4 d5 17. e5 Ne4 18. Nb3 Nb8 19. Nfd2 Nc6 20. Ba3 Nb4 21. Bxb4 axb4 22. Rfc1 f6 23. Rxc8 Qxc8 24. Nxe4 dxe4 25. Qc4+ Kh8 26. Qxb4 fxe5 27. Qxe7 Bd5 28. Nc5 Qf5 29. Rf1 exd4 30. Bd7 Qe5 31. Qxe5 Bxe5 32. Be6 Bxe6 33. Nxe6 Re8 34. Nc5 Bd6 35. Nb3 e3 36. fxe3 dxe3 37. Re1 Bb4 38. Re2 Bc3 39. g3 g5 40. h3 h5 41. Kg2 g4 42. hxg4 hxg4 43. a5 Rb8 44. a6 Rxb3 45. a7 Ra3 46. Rxe3 Ra2+ 47. Kf1 Ra1+ 48. Ke2 Ra2+ 49. Kd3 Rxa7 50. Kxc3 Ra3+ 51. Kd4 Rxe3 52. Kxe3 Kg7 53. Kf4 Kf6 1/2-1/2